| 000 | 00528pam a2200193 a 4500 | ||
|---|---|---|---|
| 020 | _a0070065527 : | ||
| 040 | _cDLC | ||
| 082 | 0 | 0 | _a305 HIL 1992 A020 Or. |
| 100 | 1 | _aBornstein, Marc H | |
| 245 | 1 | 0 |
_aDevelopment in infancy : _ban introduction / |
| 250 | _a3rd ed | ||
| 260 |
_aNew York : _bMcGraw-Hill, _cc1992 |
||
| 300 |
_axiv, 560 p. : _bill. ; _c25 cm |
||
| 500 | _aLamb's name appears first on the earlier edition | ||
| 650 | 0 | _aInfants | |
| 650 | 0 | _aInfant psychology | |
| 700 | 1 | 0 | _aLamb, Michael E., |
| 942 | _cEK | ||
| 999 |
_c12768 _d12768 |
||